| 000 | 00529nam a22002057a 4500 | ||
|---|---|---|---|
| 003 | OSt | ||
| 005 | 20140311163217.0 | ||
| 008 | 131024t xxu||||| |||| 00| 0 eng d | ||
| 020 | _a0590030892 | ||
| 050 |
_aPZ 7 _b.H737 1998 |
||
| 100 |
_aHollander, Cass _930384 |
||
| 245 |
_aJackson's contraptions / _cCass Hollander. |
||
| 260 |
_aNew York : _bScholastic Inc., _c1998 |
||
| 300 |
_a31 p. : _bill. ; _c23 cm. |
||
| 521 | _aG2 | ||
| 526 | _c330 | ||
| 650 |
_aFiction _xJuvenile _930385 |
||
| 942 |
_2lcc _cBK |
||
| 999 |
_c42900 _d42900 |
||